00334nam a2200145Ia 4500003000400000005001700004008004000021040000700061041001200068082001700080100001800097245002800115260003700143300000800180OSt20260219100451.0210210b1976 xxu||||| |||| 00| 0 eng d cAL aEnglish a823.087 COLA aCarlo Collodo aAdventures o Pinocchio. aLondonbThe Children Pressc1976 a156